Online
Catalog
Normal view MARC view

Entry Nombre de reunión

Number of records used in: 1

001 - NÚMERO DE CONTROL

  • campo de control: 34621

003 - IDENTIFICADOR DEL NÚMERO DE CONTROL

  • campo de control: OSt

005 - FECHA Y HORA DE LA ÚLTIMA TRANSACCIÓN

  • campo de control: 20200615033438.0

008 - DATOS DE LONGITUD FIJA

  • campo de control de longitud fija: 200615|| aca||aabn | a|a d

040 ## - FUENTE DE LA CATALOGACIÓN

  • Centro catalogador/agencia de origen: OSt
  • Centro/agencia transcriptor: OSt

111 ## - ENCABEZAMIENTO--NOMBRE DE CONGRESO/REUNIÓN

  • Nombre de congreso/reunión o jurisdicción como elemento de entrada: Congreso sobre la Emigración Española hacia el Área del Caribe desde Finales del Siglo XIX
  • Número del congreso/reunión o número de parte o sección: (1:
  • Fecha del congreso/reunión: 1989
  • Sede del congreso/Lugar de la reunión: Santo Domingo, ( República Dominicana)

670 ## - FUENTE DE DATOS ENCONTRADOS

  • Cita de la fuente: Work cat.: (OSt)14875: Congreso sobre la Emigración Española hacia el Área del Caribe desde Finales del Siglo XIX (1: 1989 Santo Domingo, ( República Dominicana), Memorias del Primer Congreso sobre la emigración española hacia el área del Caribe desde finales del siglo xix /., 2002.

Powered by Koha